000 01490nam a2200385 i 4500
001 10817971
003 EG-ScBUE
005 20250521085659.0
008 980115r20101987enka f b 001 0 eng d
020 _a9780750627672
020 _a0750627670
040 _aEG-ScBUE
_beng
_erda
_dEG-ScBUE
_cEG-ScBUE
041 1 _aeng
_hrus
082 0 4 _a532
_bLAN
_222
100 1 _aLandau, L. D.
_q(Lev Davidovich),
_d1908-1968,
_938480
_eauthor.
240 1 0 _aStatisticheskai︠a︡ fizika.
_lEnglish
245 1 0 _aFluid mechanics /
_cby L. D. Landau, E. M. Lifshitz, Institute of Physical Problems, U.S.S.R., Academy of Sciences ; translated from the Russian by J. B. Sykes and W. H. Reid.
250 _aSecond English edition.
250 _aRevised edition.
264 1 _aOxford :
_bButterworth-Heinemann/Elsevier,
_c2010.
300 _axiii, 539 pages :
_billustrations ;
_c24 cm.
336 _2rdacontent
_atext
_btxt
337 _aunmediated
_2rdamedia
_bn
338 _avolume
_bnc
_2rdacarrier
490 0 _aCourse of theoretical physics ;
_vvolume 6
504 _aIncludes bibliographical references and index.
546 _aText in English ; translated from the original Russian language.
650 7 _aFluid mechanics.
_2BUEsh
650 7 _aHydrodynamics.
_2BUEsh
655 _vReading book
700 1 _aLifshit︠s︡, E. M.
_q(Evgeniĭ Mikhaĭlovich),
_938483
_eauthor.
700 1 _aSykes, J. B.,
_etranslator.
700 1 _aReid, W. H.,
_etranslator.
942 _2ddc
_cBB
999 _c20906
_d20878